书目信息 |
| 题名: |
电视纪实作品创作
|
|
| 作者: | 高鑫 著 | |
| 分册: | ||
| 出版信息: | 北京 学苑出版社 2002 |
|
| 页数: | 293页 | |
| 开本: | 20cm | |
| 丛书名: | 电视文化研究丛书 | |
| 单 册: | ||
| 中图分类: | J904 | |
| 科图分类: | ||
| 主题词: | 创作方法 , 电视纪录片 , 电视纪录片--创作方法--研究 | |
| 电子资源: | ||
| ISBN: | 7-5077-2049-7 | |
| 000 | 01332nam0 2200373 450 | |
| 000 | 01295nam0 2200361 450 | |
| 000 | 01276nam0 2200361 450 | |
| 000 | 01239nam0 2200349 450 | |
| 000 | 01257nam0 2200337 450 | |
| 000 | 01220nam0 2200325 45 | |
| 001 | TS2006014662 | |
| 005 | 20061227151349.70 | |
| 010 | @a7-5077-2049-7@dCNY23.00 | |
| 092 | @aCN@bTS01-015790 | |
| 100 | @a20060829d2002 em y0chiy0110 ea | |
| 101 | 0 | @achi |
| 102 | @aCN@b110000 | |
| 105 | @aa z 000yy | |
| 200 | 1 | @a电视纪实作品创作@ADian Shi Ji Shi Zuo Pin Chuang Zuo@f高鑫著@FGao Xin Zhu |
| 210 | @a北京@c学苑出版社@d2002 | |
| 215 | @a293页@c彩照@d20cm | |
| 225 | 2 | @a电视文化研究丛书 |
| 300 | @a高校电视传播教程 | |
| 330 | @a本书论述了电视纪实作品的语言构成、思维方式、美学特征、结构形态、解说词写作,并分别阐述了电视专题片、电视纪录片的现状、流派、走向以及创作方式。还对电视纪实作品的优秀创作者、优秀电视纪实作品进行了评价。 | |
| 410 | 0 | @1001002334141@12001 @a电视文化研究丛书 |
| 606 | 0 | @a创作方法 |
| 606 | 0 | @a电视纪录片 |
| 606 | 0 | @a电视纪录片@x创作方法@x研究 |
| 690 | @aJ904@v4 | |
| 701 | 0 | @a高鑫@AGao Xin@f(1938.9~)@4著 |
| 801 | 0 | @aCN@b中图数据@c20061227 |
| 905 | @a10447@dJ904@e179 | |
| 电视纪实作品创作/高鑫著.-北京:学苑出版社,2002 |
| 293页:彩照;20cm.-(电视文化研究丛书) |
| 高校电视传播教程 |
| ISBN 7-5077-2049-7:CNY23.00 |
| 本书论述了电视纪实作品的语言构成、思维方式、美学特征、结构形态、解说词写作,并分别阐述了电视专题片、电视纪录片的现状、流派、走向以及创作方式。还对电视纪实作品的优秀创作者、优秀电视纪实作品进行了评价。 |
| ● |
| 相关链接 |
|
|
|
|
正题名:电视纪实作品创作
索取号:J904/179
 
预约/预借
| 序号 | 登录号 | 条形码 | 馆藏地/架位号 | 状态 | 备注 |
| 1 | 0606320 | 206063203 | 第一样本阅览室/ [索取号:J904/179] | 在馆 | |
| 2 | 0606321 | 206063212 | 第一借阅区/ [索取号:J904/179] | 在馆 | |
| 3 | 0606322 | 206063221 | 第一借阅区/ [索取号:J904/179] | 在馆 | |
| 4 | 0606323 | 206063230 | 第一借阅区/ [索取号:J904/179] | 在馆 | |
| 5 | 0606324 | 206063249 | 第一借阅区/ [索取号:J904/179] | 在馆 |